Dead By Daylight All Characters - Statistics

General Stats
  • This quiz has been taken 1,767 times
    1,608 since last reset
  • The average score is 16 of 27
Answer Stats
Hint Answer % Correct
Nervous Leader Dwight Fairfield
92%
Energetic Athelete Meg Thompson
92%
Studious Botanist Claudette Morel
87%
Evan MacMillan The Trapper
87%
Old Soldier William "Bill" Overbeck
87%
Urban Artist Nea Karlson
85%
Sally Smithson The Nurse
85%
Micheal Myers The Shape
84%
Philip Ojomo The Wraith
82%
Herman Carter The Doctor
81%
Anna The Huntress
81%
Max Thompson Jr. The Hillbilly
80%
Lisa Sherwood The Hag
79%
Solitary Survivor Jake Park
77%
Professional Gamer Feng Min
76%
Rugged Scrapper David King
72%
One Charming Guy Ace Visconti
69%
The Babysitter Laurie Strode
57%
Hopeful Songbird Kate Denson
28%
Jeffrey Hawk The Clown
25%
Amanda Young The Pig
25%
Rin Yamaoka The Spirit
23%
Resourceful Teacher Adam Francis
21%
Resolute Dreamwalker Quentin Smith
19%
Freddy Krueger The Nightmare
19%
Bubba "Junior" Sawyer The Cannibal
18%
Obesessed Detective David Tapp
17%
No matching quizzes found
Score Distribution
Percent of People with Each Score
Percentile by Number Answered
Your Score History
You have not taken this quiz since the last reset